000 00661nam a2200181Ia 4500
001 7685
003 GE_BSU
008 181216s||||||||xx |||||||||||||| ||und||
040 _cGE_BSU
245 _aПрограммирование на С/С++№8 (116). Август 2013.
245 _bЖурнал для профессионалов.
260 _aМосква.
260 _bинфопресс
260 _c2013 Август.
300 _a23ст;29см.
520 _aЕжемесячное издание для разработчиков приложениий и программных компонентов на языках С/С++
942 _cCR
999 _c41036
_d41036